[Event "China-Russia Match 2015"]
[Site "Ningbo CHN"]
[Date "2015.07.20"]
[Round "5.1"]
[White "Wang, Chen"]
[Black "Svidler, Peter"]
[Result "1/2-1/2"]
[WhiteTitle "IM"]
[BlackTitle "GM"]
[WhiteElo "2521"]
[BlackElo "2740"]
[WhiteTeam "China"]
[BlackTeam "Russia"]
[WhiteFideId "8601020"]
[BlackFideId "4102142"]
[EventDate "2015.07.15"]

1. e4 c5 2. Nf3 Nc6 3. Bb5 g6 4. O-O Bg7 5. c3 Nf6 6. Qe2 O-O 7. Rd1 e5 8. d3 d6
9. Nbd2 h6 10. Nf1 Be6 11. Ng3 a6 12. Bxc6 bxc6 13. h3 Re8 14. Qc2 Nd7 15. d4
exd4 16. cxd4 d5 17. dxc5 dxe4 18. Nd4 Bd5 19. Be3 Ne5 20. Nge2 Nd3 21. Nc1 Ne5
22. Nce2 Qh4 23. Nf4 Rad8 24. Nde2 Bc4 25. Rxd8 Rxd8 26. Ng3 Bd3 27. Qa4 Nc4 28.
Nf1 Nxe3 29. fxe3 Bxb2 30. Rd1 Bb5 31. Rxd8+ Qxd8 32. Qb3 Bf6 33. Ng3 Be5 34.
Nxe4 Bxf4 35. exf4 Qd4+ 36. Nf2 Qxc5 37. Qg3 Qd4 38. Kh2 Kg7 39. Ng4 g5 40. fxg5
hxg5 41. h4 gxh4 42. Qxh4 Qf4+ 43. Qg3 Qxg3+ 44. Kxg3 f6 45. Kf4 Kf7 46. Ke3 Ke6
47. Kd4 Kf5 48. Nf2 Kf4 49. Ne4 f5 50. Nd6 Bf1 51. g3+ Kg4 52. Kc5 Bg2 53. a4
Be4 54. a5 Kxg3 55. Nxf5+ Bxf5 56. Kxc6 Kf4 57. Kc5 Ke3 58. Kb4 Kd2 59. Ka3 Kc1
60. Ka2 Bg6 61. Ka1 Bf7 1/2-1/2

[Event "China-Russia Match 2015"]
[Site "Ningbo CHN"]
[Date "2015.07.20"]
[Round "5.2"]
[White "Lu, Shanglei"]
[Black "Vitiugov, Nikita"]
[Result "1/2-1/2"]
[WhiteTitle "GM"]
[BlackTitle "GM"]
[WhiteElo "2595"]
[BlackElo "2734"]
[WhiteTeam "China"]
[BlackTeam "Russia"]
[WhiteFideId "8603332"]
[BlackFideId "4152956"]
[EventDate "2015.07.15"]

1. e4 e6 2. d4 d5 3. Nd2 c5 4. Ngf3 cxd4 5. exd5 Qxd5 6. Bc4 Qd6 7. O-O Nf6 8.
Nb3 Nc6 9. Nbxd4 Nxd4 10. Qxd4 Qxd4 11. Nxd4 Bd7 12. Be2 Rc8 13. c4 Bc5 14. Be3
O-O 15. Rfd1 Rfe8 16. Rac1 b6 17. h3 h6 18. Bf3 e5 19. Nb5 Bxe3 20. fxe3 Bxb5
21. cxb5 e4 22. Be2 Kf8 23. Bc4 Red8 24. b3 Rxd1+ 25. Rxd1 Ke7 26. Rf1 Rd8 27.
g4 Rd2 28. a4 Rc2 29. Rf5 g6 30. Rf1 Rd2 31. Rf4 Ra2 32. Rf1 Rc2 33. Rf4 Rd2 34.
Kh1 Rb2 35. Kg1 Rc2 36. Rf1 Rb2 37. Rf4 Rd2 38. Kh1 Rd1+ 39. Kg2 Re1 40. Kf2 Rc1
41. Kg3 Rg1+ 42. Kf2 Rd1 43. Kg2 Rc1 44. Kg3 Rg1+ 45. Kf2 1/2-1/2

[Event "China-Russia Match 2015"]
[Site "Ningbo CHN"]
[Date "2015.07.20"]
[Round "5.4"]
[White "Bu, Xiangzhi"]
[Black "Fedoseev, Vladimir3"]
[Result "1-0"]
[WhiteTitle "GM"]
[BlackTitle "GM"]
[WhiteElo "2695"]
[BlackElo "2664"]
[WhiteTeam "China"]
[BlackTeam "Russia"]
[WhiteFideId "8601445"]
[BlackFideId "24130737"]
[EventDate "2015.07.15"]

1. Nf3 e6 2. c4 f5 3. g3 Nf6 4. Bg2 d5 5. O-O Bd6 6. Nc3 O-O 7. d3 c6 8. e4 dxe4
9. dxe4 e5 10. Qc2 fxe4 11. Ng5 Bc5 12. Ncxe4 Bf5 13. Be3 Nxe4 14. Bxe4 Bxe3 15.
fxe3 Qxg5 16. Bxf5 Qxe3+ 17. Kh1 Kh8 18. Rae1 Qh6 19. Bxh7 Rxf1+ 20. Rxf1 Nd7
21. Bg6 Nf8 22. Be4 Qe6 23. Qb3 Qe7 24. Qe3 a5 25. Bc2 Qe6 26. Rf5 Nd7 27. Qe4
Kg8 28. Rg5 Qh6 29. h4 Rf8 30. Kg2 Rf7 31. c5 a4 32. Qxa4 Nxc5 33. Qc4 e4 34.
Qxc5 Qf6 35. Qc4 Qxb2 1-0

[Event "China-Russia Match 2015"]
[Site "Ningbo CHN"]
[Date "2015.07.20"]
[Round "5.5"]
[White "Dubov, Daniil"]
[Black "Yu, Yangyi"]
[Result "1/2-1/2"]
[WhiteTitle "GM"]
[BlackTitle "GM"]
[WhiteElo "2661"]
[BlackElo "2736"]
[WhiteTeam "Russia"]
[BlackTeam "China"]
[WhiteFideId "24126055"]
[BlackFideId "8603820"]
[EventDate "2015.07.15"]

1. c4 e6 2. Nf3 d5 3. g3 Nf6 4. Bg2 Be7 5. O-O O-O 6. d4 dxc4 7. Qc2 a6 8. Rd1
b5 9. Ne5 Nd5 10. b3 cxb3 11. axb3 Bb7 12. Ba3 a5 13. Rc1 c6 14. Nd2 Bxa3 15.
Rxa3 b4 16. Raa1 Nc3 17. Ne4 Qxd4 18. Nc4 a4 19. Nxc3 axb3 20. Qxb3 Rxa1 21.
Rxa1 Qxc3 22. Qxc3 bxc3 23. Rc1 Ba6 24. Rxc3 Bxc4 25. Rxc4 Rc8 26. Ra4 Nd7 27.
Rd4 Nf8 28. f4 c5 29. Rd6 h6 30. Kf2 g5 31. Ke3 Ng6 32. Be4 Kg7 33. Kf3 Rc7 34.
Rd1 Ne7 35. Rc1 Kf6 36. Bd3 Nc6 37. Kg4 gxf4 38. gxf4 Nb4 39. Bb5 Kg6 40. e4 f5+
41. Kf3 Nc6 42. Ke3 Ne7 43. Bc4 Kf7 44. Rd1 fxe4 45. Kxe4 Kf6 46. Rd8 Nf5 47.
Rf8+ Ke7 48. Rh8 Nd6+ 49. Kd3 Ra7 50. Rh7+ Nf7 51. Kc2 Kf6 52. Kb3 Rd7 53. Kc3
Rd4 54. f5 Nd6 55. Bxe6 Rh4 56. Rd7 Ke5 57. Re7 Rh3+ 58. Kd2 Rxh2+ 59. Kd1 Kf6
60. Rc7 Ne4 61. Bc8 Rd2+ 62. Kc1 Rd4 63. Rh7 Kg5 64. Rg7+ Kh5 65. Ba6 Kh4 66.
Rg6 h5 67. f6 Ng5 68. Bb5 Rf4 69. Be8 Kg4 70. Bd7+ Kh4 71. Be8 Ne4 72. f7 Ng5
73. Rh6 Nxf7 74. Rh7 Nd6 75. Rxh5+ Kg4 76. Re5 Rc4+ 77. Kd1 Kf4 78. Re6 Nf5 79.
Kd2 Nd4 80. Re7 Nf3+ 81. Kd3 Ne5+ 82. Kd2 Ke4 83. Ra7 Rd4+ 84. Kc2 Rc4+ 85. Kd2
Nf3+ 86. Kd1 Nd4 87. Bg6+ Ke5 88. Bd3 Rb4 89. Kd2 Kd5 90. Rd7+ Kc6 91. Rh7 Rb2+
92. Kc3 Rb3+ 93. Kc4 Rb4+ 94. Kc3 Ra4 95. Rh6+ Kc7 96. Rh7+ Kb6 97. Rh6+ Nc6 98.
Bc4 Ra3+ 99. Kb2 Ra7 100. Bd5 Rc7 101. Kc3 Kb5 1/2-1/2